100% renewable electricity (Record no. 110702)

MARC details
000 -LEADER
fixed length control field 01130cad a22002535a 4500
001 - CONTROL NUMBER
control field E150030
008 - FIXED-LENGTH DATA ELEMENTS--GENERAL INFORMATION
fixed length control field 100525s2010 xxk f 000 0 eng d
035 ## - SYSTEM CONTROL NUMBER
System control number (Sirsi) u150030
041 0# - LANGUAGE CODE
Language code of text/sound track or separate title eng
050 04 - LIBRARY OF CONGRESS CALL NUMBER
Classification number 333.72 $2 18
110 2# - MAIN ENTRY--CORPORATE NAME
Corporate name or jurisdiction name as entry element PriceWaterhouseCoopers
9 (RLIN) 3793
245 00 - TITLE STATEMENT
Title 100% renewable electricity
Remainder of title a roadmap to 2050 for Europe and North Africa
Medium [electronic resource]
260 ## - PUBLICATION, DISTRIBUTION, ETC.
Place of publication, distribution, etc. [S.l.]
Name of publisher, distributor, etc. PWC
Date of publication, distribution, etc. 2010
520 ## - SUMMARY, ETC.
Summary, etc. Sets out how Europe and North Africa can achieve an electricity system based wholy on renewable sources by 2050. Suggests that the technologies are already in place to achieve this, however changes are needed to regulatory and legal systems.
590 ## - LOCAL NOTE (RLIN)
Local note KA
651 #4 - SUBJECT ADDED ENTRY--GEOGRAPHIC NAME
Geographic name Europe
651 #4 - SUBJECT ADDED ENTRY--GEOGRAPHIC NAME
Geographic name Africa
690 ## - LOCAL SUBJECT ADDED ENTRY--TOPICAL TERM (OCLC, RLIN)
Topical term or geographic name as entry element ENVIRONMENTAL AND LAND CONSULTANCY-ENERGY-ENERGY USE-ENERGY EFFICIENCY
710 1# - ADDED ENTRY--CORPORATE NAME
Corporate name or jurisdiction name as entry element Potsdam Institute for Climate Impact Research
710 1# - ADDED ENTRY--CORPORATE NAME
Corporate name or jurisdiction name as entry element International Institute for Applied Systems Analysis
710 1# - ADDED ENTRY--CORPORATE NAME
Corporate name or jurisdiction name as entry element European Climate Forum
856 40 - ELECTRONIC LOCATION AND ACCESS
Uniform Resource Identifier <a href="https://www.pwc.co.uk/pdf/100_percent_renewable_electricity.pdf">https://www.pwc.co.uk/pdf/100_percent_renewable_electricity.pdf</a>
Public note View the report free of charge at www.pwc.co.uk
942 ## - ADDED ENTRY ELEMENTS (KOHA)
Suppress in OPAC 0
Holdings
Withdrawn status Lost status Source of classification or shelving scheme Damaged status Not for loan Home library Current library Shelving location Date acquired Total Checkouts Full call number Barcode Date last seen Copy number Price effective from Koha item type
    Dewey Decimal Classification     Virtual Virtual Online 25/05/2010   ONLINE PUBLICATION 150030-2001 06/08/2019 1 06/08/2019 Book